The Muscle fitness book
| Main Author: | |
|---|---|
| Format: | Book |
| Published: |
Wiltshire :
The Crowood Press ,
1989
|
| Subjects: |
MARC
| LEADER | 00000cam a2200000 7i4500 | ||
|---|---|---|---|
| 001 | 0000004144 | ||
| 002 | 000004458 | ||
| 005 | 20000330.0 | ||
| 020 | |a 1852235772 | ||
| 090 | 0 | 0 | |a 613.7 |b STG |
| 100 | 1 | |a St.George, Francine | |
| 245 | 1 | 4 | |a The Muscle fitness book |c St George Francine |
| 260 | |a Wiltshire : |b The Crowood Press , |c 1989 | ||
| 300 | |a 272p. : |b ill. ; |c 22cm. | ||
| 650 | 0 | 0 | |a Physical fitness |
| 999 | |a 033444 |b BUKU |c PINJAMAN |e PERPUSTAKAAN KOMUNITI PETALING JAYA | ||